Skróty państw akceptowalne na JetPunk - Statystyki

Ogólne statystyki
  • Ten quiz został rozwiązany 6 303 razy
    6 301 od ostatniego zresetowania
  • Średni wynik to 7 z 9
Statystyki odpowiedzi
Skrót Państwo % Poprawnych
USA Stany Zjednoczone
97%
RPA Republika Południowej Afryki
95%
ZEA Zjednoczone Emiraty Arabskie
93%
DRK Demokratyczna Republika Konga
89%
RŚA Republika Środkowoafrykańska
84%
WKS Wybrzeże Kości Słoniowej
78%
RZP Republika Zielonego Przylądka
62%
PNG Papua-Nowa Gwinea
61%
KRLD Korea Północna
43%
Nie znaleziono quizów pasujących do podanych kryteriów
Rozkład punktacji
Procent ludzi z każdym wynikiem
Percentyl według liczby udzielonych odpowiedzi
Twoja historia wyników
Nie rozwiązałeś tego quizu od ostatniego zresetowania